000 00960nam a2200265Ma 4500
005 20180313062219.0
008 131122s2014 sp ao frn 001 0 spa d
020 _a9788471019516
040 _aCo-BoUCM
_bspa
_cJavier Garzón
_dAldemar Mondragón
041 1 _aspa
060 _aWS 340
100 1 _aPaller, Amy S.
_957224
245 1 0 _aHurwitz
_bdermatología pediátrica : texto de enfermedades de la piel en niños y adolescentes
_cAmy S. Paller, Anthony J. Mancini
260 _aMadrid (España)
_bMarbán
_c2014
300 _aviii, 1166 páginas
_bilustraciones y fotos
500 _aIncluye índice
650 7 _aDermatología pediátrica
_957225
650 7 _aDermatología
_957664
650 7 _aEnfermedades de la piel
_914307
650 7 _aPediatría
_921221
690 _942897
_aPediatría
700 1 _aMancini, Anthony J.
_957226
765 0 _tHurwitz clinical pediatric dermatology
942 _a15
_cLIBRO
_e1
_mP166h
_2NLM
_hWS 340
_n0
999 _c239746
_d239746